Generational Comparison of Attitudes Towards Health and Senescence

Porovnanie postojov mladej generácie (pod 30 rokov) a starej generácie (nad 50 rokov) k zdraviu, starnutiu a zdravotnej starostlivosti na základe prieskumu z obdobia 04-05/2017 na Slovensku.

Na minha lista:
Detalhes bibliográficos
Autor principal: Hasprová, Mária, 1970-
Outros Autores: Vokounová, Dana, 1962-, Žák, Štefan, 1971-, Ružička, Tomáš, 1991-
Formato: Capítulo de Livro
Idioma:inglês
Assuntos:
Tags: Adicionar Tag
Sem tags, seja o primeiro a adicionar uma tag!

MARC

LEADER 00000nla a2200000 4500
001 0241904
005 20240502073934.2
041 0 |a eng 
044 |a SK 
245 1 0 |a Generational Comparison of Attitudes Towards Health and Senescence  |c Mária Hasprová, Dana Vokounová, Štefan Žák, Tomáš Ružička 
520 |a Porovnanie postojov mladej generácie (pod 30 rokov) a starej generácie (nad 50 rokov) k zdraviu, starnutiu a zdravotnej starostlivosti na základe prieskumu z obdobia 04-05/2017 na Slovensku. 
610 2 0 |a starnutie populácie 
610 2 0 |a demografia 
610 2 0 |a generácie 
610 2 0 |a zdravie 
610 2 0 |a starostlivosť zdravotná 
610 2 0 |a seniori 
610 2 0 |a postoje 
610 2 0 |a marketing 
610 2 0 |a segmentácia trhu 
610 2 0 |a Slovensko 
610 2 0 |a analýza komparatívna 
100 1 |a Hasprová, Mária, 1970- 
700 1 |a Vokounová, Dana, 1962- 
700 1 |a Žák, Štefan, 1971- 
700 1 |a Ružička, Tomáš, 1991-